Angielskie kluby piłkarskie po przydomku - Statystyki

Ogólne statystyki
  • Ten quiz został rozwiązany 113 razy
  • Średni wynik to 16 z 41
Statystyki odpowiedzi
Przydomek Klub % Poprawnych
Czerwone diabły (The Red Devils) Manchester United
99%
Kanonierzy (The Gunners) Arsenal
93%
The Reds Liverpool
93%
The Blues Chelsea
91%
Obywatele (The Citizens) Manchester City
89%
Koguty / The Lilywhites Tottenham Hotspur
88%
Młoty (The Hammers) West Ham United
82%
Lisy (The Foxes) Leicester City
75%
Sroki (The Magpies) Newcastle United
65%
Święci (The Saints) Southampton
62%
Wilki (Wolves) Wolverhampton Wanderers
59%
Lwy (The Lions) / The Villans Aston Villa
57%
Forest Nottingham Forest
52%
Mewy (The Seagulls) Brighton & Hove Albion
48%
Toffi (The Toffees) Everton
47%
Pszczoły (The Bees) Brentford
45%
Kanarki (The Canaries) Norwich City
45%
Łabędzie (The Swans) Swansea City
45%
Orły (The Eagles) Crystal Palace
40%
Wisienki (The Cherries) Bournemouth
33%
Tygrysy (The Tigers) Hull City
30%
Barany (The Rams) Derby County
29%
Szable (The Blades) Sheffield United
25%
Wieśniacy (The Cottagers) Fulham
23%
Boro Middlesbrough
23%
Czarne koty (The Black Cats) Sunderland
21%
Szerszenie (The Hornets) Watford
21%
Sowy (The Owls) Sheffield Wednesday
20%
Bordowi (The Clarets) Burnley
19%
Garncarze (The Potters) Stoke City
16%
Pawie (The Peacocks) Leeds United
15%
Kapelusznicy (The Hatters) Luton Town
12%
Teriery (The Terriers) Huddersfield Town
9%
Pompey Portsmouth
9%
Mandarynki (The Tangerines) Blackpool
8%
The Baggies (od pieniędzy noszonych w workach) West Bromwich Albion
8%
The Tractor Boys Ipswich Town
7%
Nabrzeżni (The Riversiders) Blackburn Rovers
5%
The Bluebirds Cardiff City
5%
Kłusaki (The Trotters) Bolton Wanderers
4%
Królewscy (The Royals) Reading
4%
Nie znaleziono quizów pasujących do podanych kryteriów
Rozkład punktacji
Procent ludzi z każdym wynikiem
Percentyl według liczby udzielonych odpowiedzi
Twoja historia wyników
Nie rozwiązałeś tego quizu